Citizens and health care : participation and planning for social change /

Bibliographic Details
Other Authors: Checkoway, Barry
Format: Book
Language:English
Published: New York : Pergamon Press, [1981]
Series:Pergamon policy studies on social policy.
Subjects:

MARC

Tag First Indicator Second Indicator Subfields
LEADER 00000pam a2200000 a 4500
001 in00000071318
005 20151008062149.0
008 810423s1981 nyu b 00100 eng
010 |a  81007326  
020 |a 0080271928 
035 |a (OCoLC)07553938 
035 |9 AAJ9647AM 
039 0 |a 2  |b 3  |c 3  |d 3  |e 3 
040 |a DLC  |c DLC  |d TXA  |d UtOrBLW 
043 |a n-us--- 
049 |a TXAM  |c [800444] 
050 0 0 |a RA395.A3  |b C57 1981 
060 0 |a WA 540 AA1 C68 
082 0 |a 362.1  |2 19 
245 0 0 |a Citizens and health care :  |b participation and planning for social change /  |c edited by Barry Checkoway. 
264 1 |a New York :  |b Pergamon Press,  |c [1981] 
264 4 |c ©1981 
300 |a xi, 318 pages ;  |c 24 cm. 
336 |a text  |b txt  |2 rdacontent 
337 |a unmediated  |b n  |2 rdamedia 
338 |a volume  |b nc  |2 rdacarrier 
490 1 |a Pergamon policy studies on social policy 
504 |a Includes bibliographical references and index. 
650 0 |a Health planning  |z United States  |x Citizen participation. 
650 0 |a Medical policy  |z United States  |x Citizen participation. 
650 2 |a Consumer Participation. 
650 2 |a Health Planning  |x United States. 
650 2 |a Delivery of Health Care  |x United States. 
700 1 |a Checkoway, Barry. 
830 0 |a Pergamon policy studies on social policy. 
999 |a MARS 
999 f f |s 62b367af-d71d-3953-8a03-ed790add1132  |i e6315360-76ab-3c20-99fb-982b2659fae2  |t 0 
952 f f |p ric  |a Texas A&M University  |b Rellis Campus  |c Joint Library Facility  |d Remote Storage  |t 0  |e RA395.A3 C57 1981  |h Library of Congress classification  |i unmediated -- volume  |m A14806227306 
998 f f |a RA395.A3 C57 1981  |t 0  |l Remote Storage